Vineyards and wineries of Chile: compendium

Na minha lista:
Detalhes bibliográficos
Autor Corporativo: Nuevos Mundos (Autor)
Formato: Livro
Idioma:espanhol
inglês
Publicado em: Santiago Nuevos Mundos 2004
Assuntos:
Tags: Adicionar Tag
Sem tags, seja o primeiro a adicionar uma tag!

MARC

LEADER 00000cam a2200000 a 4500
001 UCG8652
003 CL-VaPUC
008 111223e20040000CL |||||||||||||||||spa|d
020 |a 956825501X 
041 0 7 |a spa  |2 CL-VaPUC 
041 0 7 |a eng  |2 CL-VaPUC 
082 0 4 |a 634.8  |b VIN  |2 21 
110 2 |a Nuevos Mundos  |e author  |9 559763 
245 1 0 |a Vineyards and wineries of Chile: compendium 
246 1 0 |a Compendio vitivinícola de Chile 
300 |a 725 p 
942 |c BK 
945 |d 20111223 00:00:00  |a dcastane 
260 |a Santiago  |b Nuevos Mundos  |c 2004 
650 0 |a Vitivinicultura  |9 389598 
650 7 |a CEPAS  |2 CL-VaPUC  |9 389599 
650 7 |a CLIMAS  |2 CL-VaPUC  |9 357732 
650 0 |a Suelos  |9 260322 
650 0 |a Viticultura  |9 301210 
650 0 |a Vinos  |9 389604 
650 0 |a Viñedos  |9 389603 
651 7 |a CHILE  |2 CL-VaPUC  |9 559765 
583 |a last modification  |c 20111223 12:06:00  |k Rodrigo Vera 
999 |c 346256  |d 346254 
952 |0 0  |1 0  |4 0  |6 634_800000000000000_VIN_2004  |7 0  |8 A  |9 446895  |a BIBAGR  |b BIBAGR  |d 2019-11-22  |i 4815637  |o 634.8 VIN 2004  |p 4815637  |r 2025-01-20  |w 2019-11-22  |y BK  |k AGR